| 000 | 00718nam a2200217 4500 | ||
|---|---|---|---|
| 003 | OSt | ||
| 005 | 20240722034402.0 | ||
| 006 | a | ||
| 008 | 240722b |||||||| |||| 00| 0 eng d | ||
| 020 | _a978025404414 | ||
| 040 |
_aDWCL-Main lib. _cOC |
||
| 082 |
_2First edition _aCirc. 371.4 D665c 2008 |
||
| 100 | _aDollarhide, Colette T. | ||
| 245 | _aComprehensive school counseling programs: K-12 delivery systems in action / | ||
| 250 | _aFirst edition | ||
| 260 |
_aBoston : _bPearson education, Inc. , _cc2008. |
||
| 300 |
_axxii, _b377 p. ; _c24 cm. |
||
| 504 | _aIncludes bibliographical references & index. | ||
| 650 | _a1. School counseling-United States. | ||
| 942 |
_2ddc _n0 _cBK-CIRC _eFirst edition _kCirc. |
||
| 999 |
_c2500 _d2500 |
||